Retrouvez les villes dans ces chansons. (part.2) - Statistiques

Statistiques générales
  • Ce quiz a été pris 50 fois
    37 depuis la dernière actualisation
  • Le résultat moyen est 5 sur 16
Statistiques - réponses
Chanson Réponse % Correct
Bande organisée C'est pas la capitale (nan), c'est {Marseille}, bébé
97%
J'irai où tu iras On entend les cris de {New York}
79%
Pelot d'Hennebont Que nous sommes entrés dans {Paris}
73%
Rockollection On a tous dans le coeur le ticket pour {Liverpool}
55%
Vesoul J'ai voulu voir Anvers, on a revu {Hambourg}
36%
{Hénin-Beaumont} Elle avait pourtant un beau nom ma commune d'{Hénin-Beaumont}
30%
Hexagone À {Santiago} comme à Paris
18%
On ira On ira rougir le thé dans les souks à {Amman}
18%
Longue vie Longue vie mama na yo, j'm'envole vers {Pattaya}
15%
Dans la légende La haine sur l'maillot, l'oseille, la maille, j'vois {Miami}
12%
We Didn't Start the Fire Dylan, {Berlin}, Bay of Pigs invasion
9%
Sebolavy Et si tu m'emmènes à {Tokyo}
9%
Le Combat Ordinaire C'est ça ou RMI dans un faubourg de {Varsovie}
3%
Route 66 Down to Missouri {Oklahoma City} looks oh so pretty
3%
Solitaire Demande pas pourquoi c'est {Montreuil-sous-Bois}
0%
Forever Then, I guess, I'm just {New Orleans}
0%
Aucun quiz correspondant
Distribution des résultats
% des personnes avec chaque résultat
Percentile par nombre de réponses
Votre historique - résultats
Vous n’avez pas pris ce quiz depuis la dernière actualisation